000
00287pam a2200121 a 4500
020
_c
041
_h
100
_a
Janet Whitte.
245
_a
How to Draw Flowers in Simple Steps
_h
Textual Documents
260
_a
[s.l]:
_b
Search Press,
_c
2014.
300
_a
32:
_b
paper.
930
_a
7456
999
_c
241246
_d
241246